| 000 | 04682namaa22004211i 4500 | ||
|---|---|---|---|
| 003 | EG-GICUC | ||
| 005 | 20260310103636.0 | ||
| 008 | 260224s2025 ua a|||frm||| 000 0 eng d | ||
| 040 |
_aEG-GICUC _beng _cEG-GICUC _dEG-GICUC _erda |
||
| 041 | 0 |
_aeng _beng _bara |
|
| 049 | _aDeposit | ||
| 082 | 0 | 4 | _a658.4008 |
| 092 |
_a658.4008 _221 |
||
| 097 | _aPh.D | ||
| 099 | _aCai01.05.01.Ph.D.2025.Wa.E | ||
| 100 | 0 |
_aWaleed Hassan Mohamed, _epreparation. |
|
| 245 | 1 | 4 |
_aThe effects of environmental dynamism and dynamic capabilities on competitive advantage / _cby Waleed Hassan Mohamed ; Supervision Prof. Abd Elazez Hashem. |
| 246 | 1 | 5 | _aأثر التغيرات البيئية والقدرات الديناميكية على الميزة التنافسية |
| 264 | 0 | _c2025. | |
| 300 |
_a130 Leaves : _billustrations ; _c30 cm. + _eCD. |
||
| 336 |
_atext _2rda content |
||
| 337 |
_aUnmediated _2rdamedia |
||
| 338 |
_avolume _2rdacarrier |
||
| 502 | _aThesis (Ph.D)-Cairo University, 2025. | ||
| 504 | _aBibliography: pages 100-116. | ||
| 520 | 3 | _aIn the field of Strategic Management, The majority of scholars think that Dynamic Capabilities are critical to attaining a competitive advantage. However, there are still variations over the meaning and impact of Dynamic Capabilities, as well as the role of Environmental Dynamism. This study examined Wang and Ahmed's (2007) three basic component elements of Dynamic Capabilities, "adaptive capability, absorptive capability, and innovative capability" as dimensions of Dynamic Capabilities. The study aimed to gain a better understanding of the nature of the relationship between Dynamic Capabilities and Competitive Advantage. It also aimed to study the role of Environmental Dynamism in the relationship between Dynamic Capabilities and Competitive Advantage in Information and Communications organizations listed to the Egyptian Stock Exchange. The findings demonstrated a positive relationship between Dynamic Capabilities and Competitive Advantage, which is consistent with the body of literature in this topic. The findings also demonstrated that Environmental Dynamism is a key driver in the relationship between Dynamic Capabilities and Competitive Advantage in the organizations under study. | |
| 520 | 3 | _aيعتقد أغلب الباحثين أن القدرات الديناميكية تشكل أهمية بالغة في اكتساب الميزة التنافسية في الإدارة الاستراتيجية. إلا أن هناك خلافات مستمرة حول تعريف وتأثير القدرات الديناميكية، وكذلك أهمية التغيرات البيئية. وقد اعتمدت هذه الدراسة على العوامل الرئيسية الثلاثة المكونة للقدرات الديناميكية التي حددها Wang and Ahmed, (2007)، وهي "القدرات التكيفية، والقدرات الاستيعابية، والقدرات الإبداعية" كأبعاد للقدرات الديناميكية. وهدفت الدراسة إلى زيادة فهم طبيعة العلاقة بين القدرات الديناميكية والميزة التنافسية. كما هدفت إلى التحقق من دور التغيرات البيئية في العلاقة بين القدرات الديناميكية والميزة التنافسية في المنظمات العاملة في مجال الاتصالات وتكنولوجيا المعلومات المدرجة في سوق الأوراق المالية المصرية. وقد كشفت النتائج عن وجود علاقة إيجابية بين القدرات الديناميكية والميزة التنافسية، وهذا يتفق مع التيار السائد للأدبيات في هذا المجال. كما كشفت النتائج أن التغيرات البيئية تلعب كمتغير مستقل آخر في العلاقة بين القدرات الديناميكية والميزة التنافسية في المنظمات قيد الدراسة | |
| 530 | _aIssues also as CD. | ||
| 546 | _aText in English and abstract in Arabic & English. | ||
| 650 | 0 | _aBusiness Administration | |
| 650 | 0 | _aإدارة الأعمال | |
| 653 | 1 |
_aEnvironmental Dynamism _aDynamic Capabilities _aCompetitive Advantage |
|
| 700 | 0 |
_aAbd Elazez Hashem _ethesis advisor. |
|
| 900 |
_b01-01-2025 _cAbd Elazez Hashem _dAshraf Hassan Abd-ElWahab _dRasha Hammad Farrag _UCairo University _FFaculty of Commerce _DDepartment of Business Administration |
||
| 905 |
_aShimaa _eEman Ghareb |
||
| 942 |
_2ddc _cTH _e21 _n0 |
||
| 999 | _c178710 | ||